Normal view
MARC view
- Ripoll Fernández de Urueña, Domingo María de,
Entry Nom personal
001 - NÚMERO DE CONTROL
- campo de control: 169200
003 - IDENTIFICADOR DEL NÚMERO DE CONTROL
- campo de control: ES-BaIT
005 - FECHA Y HORA DE LA ÚLTIMA TRANSACCIÓN
- campo de control: 20260401100647.0
008 - DATOS DE LONGITUD FIJA
- campo de control de longitud fija: 260401|| aca||aabn | a|a d
040 ## - FUENTE DE LA CATALOGACIÓN
- Centro catalogador/agencia de origen: ES-BaIT
100 1# - ENCABEZAMIENTO-NOMBRE DE PERSONA
- Nombre de persona: Ripoll Fernández de Urueña, Domingo María de,
- Fechas asociadas al nombre: -1775
400 1# - TRAZADO DE VÉASE--NOMBRE DE PERSONA
- Nombre de persona: Ripoll Fernández de Urueña Ponce de León, Domingo María de,
- Fechas asociadas al nombre: -1775
400 1# - TRAZADO DE VÉASE--NOMBRE DE PERSONA
- Nombre de persona: Ripoll Fernández de Ureña, Domingo María de,
- Fechas asociadas al nombre: -1775
400 1# - TRAZADO DE VÉASE--NOMBRE DE PERSONA
- Nombre de persona: Ripoll, Domingo María,
- Fechas asociadas al nombre: -1775
400 1# - TRAZADO DE VÉASE--NOMBRE DE PERSONA
- Nombre de persona: Ripoll Fernández de Urueña, Domingo María de,
- Fechas asociadas al nombre: m. 1775


